Представление документа в формате MARC21

Поле Инд. ПП Название Значение
Тип записи a
Библиографический уровень m
001 Контрольный номер RU/IS/BASE/331811259
005 Дата корректировки 20230905105010.9
040 b Код языка каталог. rus
041 0_ a Код языка текста rus
080 a Индекс УДК 004(075.8)
084 a Индекс другой классификации/Индекс ББК 32.973.202я73
090 a Полочн. индекс 681.3
x Авторский знак М15
097 b Оператор 11
100 1_ a Автор Макаровский Б. Н.
245 10 a Заглавие Информационные системы и структуры данных
b Продолж. заглавия учебное пособие для вузов по спец. "Организация механизированной обработки экономической информации"
260 a Место издания М.
b Издательство Статистика
c Дата издания 1980
300 a Объем 199 с.
b Иллюстрации/ тип воспроизводства ил.
510 0_ a Примечание о ссылках Книги и методические пособия
650 04 a Основная рубрика 20.15 Организация информационной деятельности
x Основная подрубрика 20.15.05 Информационные службы, сети, системы в целом
653 0_ a Ключевые слова информационные системы; данные (выч. тех.)
901 t Тип документа m